Music Quiz

Random Music or Song Quiz

Belle and Sebastian Songs by Lyric Quiz Stats

 Plays Quiz not verified by Sporcle

Challenge
Share
Tweet
Embed
Score 0/30 Timer 15:00
0 Plays Today
Lyric Song % Correct
Your obsessions get you known throughout the school for being strange, making life-size models of the Velvet Underground in clayExpectations
64.3%
Could I write a requiem for you when you're dead? 'She had the moves, she had the speed, it went to her head'The Stars Of Track And Field
62.3%
He doesn't understand and he doesn't try, he knows there's something missing and he knows it's you and IMe And The Major
59.3%
You are in two minds, tossing a coin to decide whether you should tell your folks about a dose of thrush you got while you were licking railingsLazy Line Painter Jane
56.8%
Desperation is the devils work, it is the folly of a boy's empty mindThe State I Am In
51.3%
She's a waitress and she's got style, Sunday bath time may take a whileThe Boy With The Arab Strap
48.7%
You're a star now, I am fixing peoples nails, I'm knitting jumpers, I'm working after hoursDress Up In You
42.2%
In a town so small there's no escaping you. In a town so small there's no escape from viewDirty Dream Number Two
41.2%
I got my fingers dirty at the school of rock, I got my fingers dirty so I took a walkString Bean Jean
38.7%
I took a bet inside the launderette, with a girl from WallaseyMarx & Engels
36.2%
I'm here in a cage, with a bottle of rage and a family like the mafiaFamily Tree
34.2%
The dream of all the bowlie kids that hang around here, and I'm no different from the restThe Model
33.2%
Is he your husband? Or just your boyfriend? Is he the moron who's been beating you and keeping you inside?I Could Be Dreaming
31.7%
Take Judy, with her bow and arrow, she's a mastermind, too frumpy for the teenage population of her timeThe Rollercoaster Ride
27.6%
Hey lady, meet my mum and dad, you're a strange aberration, in this land of potted plants and boxlike houses, where the girls like mousesYour Covers Blown
24.1%
Lyric Song % Correct
I'm coming over in the wrong direction, I only want to be the centre of your attentionScooby Driver
20.1%
Have you considered the way, people might react to all the things that your characters say?Storytelling
20.1%
I was living through the seconds, my composure was a mess, I was miles from tenderness, it was dark outside, the day it was lying in piecesStay Loose
19.1%
Like getting blood out of a stone, the city left you lost and gonePut The Book Back On The Shelf
16.6%
Next to the broker, the nurse and the drunk, I was a joker, the wannabe punkMornington Crescent
15.6%
I stay in to defrost the fridge, now the kid has gone to bed, a feeling of dread.Slow Graffiti
14.6%
I'm living in the past, you're making historyI Can See Your Future
14.6%
I will race you up the hill, where the boy who made records out of postcard messages, and flowering cherries rain on kids like youI Know Where The Summer Goes
11.1%
She gives me goosebumps, fits and malaria, funny feeling like buying whisky in a whisky barRhoda
6%
If I could be a song, I would be something that would snake into your room and be with you the whole night long (My Girl's Got) Miraculous Technique
4.5%
Clothes, guitar but arsenal missing one thing, exotic Glasgow chick, they call her the 'Carmen Veranda'Mr. Richard
4%
Smell the air in small town, where the train line stopsRead The Blessed Pages
3.5%
I hung around with her for forty days and forty nights, it was a wildernessStop, Look and Listen
3.5%
I’m going to paint the town on my days off, cold slate roofs that glisten in starlightAre You Coming Over For Christmas?
2%
We've both been here before and no sir, we cannot ignore itLandslide
0.5%

You're not logged in!

Compare scores with friends on all Sporcle quizzes.
Join for Free
OR
Log In

You Might Also Like...

Show Comments

Extras

Top Quizzes Today


Score Distribution

Your Account Isn't Verified!

In order to create a playlist on Sporcle, you need to verify the email address you used during registration. Go to your Sporcle Settings to finish the process.

Report this User

Report this user for behavior that violates our Community Guidelines.

Details: